000 00802 a2200193 4500
001 OJ-cei-16770
003 FrMaCLE
005 20251214085743.0
007 cu ||||||m||||
008 250930e||||||||xx |||||s|||||||||0|fr|d
024 7 _a10.4000/14tq4
_2doi
040 _aFR-FrMaCLE
100 1 _aDe Capitani, Patrizia
245 1 0 _aLes émotions dans les poèmes chevaleresques et héroïques italiens (XVe‑XVIe siècles) : représentations, significations et contextes.
260 _c2025
540 _aCC-BY-SA-4.0
_uhttps://creativecommons.org/licenses/by-sa/4.0/
700 1 _aMontorsi, Francesco
856 4 _uhttps://journals.openedition.org/cei/16770
_yLes émotions dans les poèmes chevaleresques et héroïques italiens (XVe‑XVIe siècles) : représentations, significations et contextes
999 _c36498
_d36498